Name all members of BTS - Statistics

General Stats
  • This quiz has been taken 143 times
  • The average score is 7 of 7
Answer Stats
Member % Correct
Jimin
99%
Jungkook
99%
J-Hope
97%
RM
97%
Suga
97%
V
97%
Jin
96%
No matching quizzes found
Score Distribution
Percent of People with Each Score
Percentile by Number Answered
Your Score History
You have not taken this quiz